| 000 | 00585nam a2200205Ia 4500 | ||
|---|---|---|---|
| 005 | 20250508165819.0 | ||
| 008 | 008 250505s9999 xx 000 0 hin d | ||
| 037 | _aTextual | ||
| 040 |
_aFEDL _beng _cFEDL |
||
| 041 |
_ahin _2eng |
||
| 084 |
_aB, MAU _qFEDL |
||
| 100 |
_aYadav K V Ed. _9782042 |
||
| 245 | 0 | _aMaulana Abul Kakam Azad: Chuninda lekh aur abhibhashan | |
| 260 |
_aNew Delhi, India _bAnamika Publishers _c2004 |
||
| 300 | _a286p. | ||
| 365 |
_aINR _b500 |
||
| 546 | _aGifted by Prof. Krishna Kumar | ||
| 942 |
_cTEXL _hB, MAU |
||
| 999 |
_c1397611 _d1397611 |
||